| 000 | 00916nam a2200301 c 4500 | ||
|---|---|---|---|
| 003 | BLK | ||
| 005 | 20250714154604.0 | ||
| 008 | 180408b bul|||||r ||||||| ||bul|| | ||
| 010 | _aKNG00035678000 | ||
| 020 |
_a954-459-498-1 _bиздат.: Хермес |
||
| 040 | _aBLK | ||
| 041 |
_aBUL _cBUL |
||
| 080 |
_aФренска литература _b821.133.1 _x-93-31 _z821.133.1-93-31 |
||
| 100 | 1 |
_aЮго, Виктор _eпърви автор _9366073 |
|
| 139 |
_aЮго, Виктор _bЮ 13 |
||
| 245 | 1 | 0 |
_aКлетниците _cВиктор Юго. |
| 257 | _aFRA | ||
| 260 |
_аПловдив _bХермес _c1998 |
||
| 300 |
_a336 с. _c20 см |
||
| 380 | _aDX | ||
| 490 | 1 | _aЗлатно перо | |
| 852 | _aЦб 207932 | ||
| 856 | 4 |
_qpdf _u |
|
| 856 | 4 |
_qpdf _u |
|
| 942 |
_cKNG _n0 _08 |
||
| 944 |
_aCR _c15.01.2003 _k30564 _lАнна Гръцманова |
||
| 944 |
_aED _c15.01.2003 _k |
||
| 999 |
_c32995 _d32995 |
||